000 00273nam a2200109Ia 4500
008 220713s9999 xx 000 0 und d
020 _a978 1 920069 13 1
082 _aJR 305.8096 KARR
100 _aNo author, editors only
245 4 _aThe Karretjie People
942 _cBK
_y561
_zJohn Tresidder
999 _c692878
_d692877